Verní zákazníci vás nezachránia
Vernosť k značkám čoraz viac slabne. Pri pohľade na postoje spotrebiteľov je zrejmé, že sa nedá spoliehať na lojalitu. Preto sa stupňuje súperenie značiek aj obchodníkov. Zákazníci radi skúšajú rôzne novinky. Motivačné faktory pri nákupe.
Gespeichert in:
| Format: | Buchkapitel |
|---|---|
| Sprache: | Slowakisch |
| Schlagworte: | |
| Tags: |
Keine Tags, Fügen Sie das erste Tag hinzu!
|
MARC
| LEADER | 00000naa a2200000 4500 | ||
|---|---|---|---|
| 001 | 0257990 | ||
| 005 | 20190903141736.0 | ||
| 041 | 0 | |a slo | |
| 044 | |a SK | ||
| 245 | 1 | 0 | |a Verní zákazníci vás nezachránia |
| 520 | |a Vernosť k značkám čoraz viac slabne. Pri pohľade na postoje spotrebiteľov je zrejmé, že sa nedá spoliehať na lojalitu. Preto sa stupňuje súperenie značiek aj obchodníkov. Zákazníci radi skúšajú rôzne novinky. Motivačné faktory pri nákupe. | ||
| 610 | 2 | 0 | |a preferencie spotrebiteľské |
| 610 | 2 | 0 | |a spotrebitelia |
| 610 | 2 | 0 | |a boj konkurenčný |
| 610 | 2 | 0 | |a porovnanie štatistické medzinárodné |
| 610 | 2 | 0 | |a značky |
| 610 | 2 | 0 | |a výrobky |